| 000 | 00762nam a2200253Ia 4500 | ||
|---|---|---|---|
| 999 |
_c54346 _d54346 |
||
| 001 | 21402 | ||
| 003 | GE_BSU | ||
| 005 | 20210528141059.0 | ||
| 008 | 181216s1988||||enk|||||||||||||| ||eng|| | ||
| 020 | _a9780486656786 | ||
| 040 | _cGE_BSU | ||
| 041 | _aeng | ||
| 080 | _a537.8 P-23 | ||
| 100 |
_aPapas, Charles Herach _911910 |
||
| 245 |
_aTheory of Electromagnetic Wave Propagation _cCharles Herach Papas. |
||
| 264 |
_aNew York : _bDover Publications, _c1988. |
||
| 300 |
_a244 p.; _b ill. , _c22 cm. |
||
| 500 | _aBibl.:p. 245., Index.: p. 243-244 | ||
| 653 | _aTheory of Electromagnetic Wave Propagation | ||
| 653 | _aФизика | ||
| 653 | _aფიზიკა | ||
| 653 | _aელექტრომაგნეტიზმი | ||
| 942 |
_cBK _2udc |
||